Belianska jaskyňa Zrkadlové jazierko

Zobrazenie: Pohľad na krasovú výzdobu jaskyne a jazierko, v ktorom sú nahádzané mince. Vpravo dole, pred jazierkom je svietiaci reflektor. Pred jazierkom v strede je maly stalagmit, v jazierku vpravo je jeden stalgmit a za jazierkom sú tri. Vpravo od stalagmitov za jazierkom je ďalší svietiaci refle...

Celý popis

Podrobná bibliografia
Médium: Pohľadnica
Jazyk:slovenčina
Fyzický popis:1 pohľadnica farebná 11 x 15 cm
Vydavateľské údaje: Bratislava ČSTK-Pressfoto 1977
Predmet:

MARC

LEADER 00000nkm a2200000 a 4500
001 vtls011925615
003 SK-MaSNL
005 20260512122505.0
007 kp co
008 231120s1977 xo g kuslo
015 |a SNBG1977 
035 |a urn:nbn:sk:snk-km00eg6i 
035 |a urn:nbn:sk:snk-km43cu5 
035 |a 38C50169-0EA8-494C-80FA-E10B34341816 
040 |a SNK  |b slo  |c SNK  |e AACR2 
041 0 |a slo 
043 |a e-xo--- 
044 |a xo  |c SK 
072 7 |a 908(437)  |x Vlastiveda Česka a Slovenska  |2 konspekt 
080 |a 908(437.6)  |2 2011 
080 |a 551.442  |2 2011 
080 |a (084.121)  |2 2011 
245 0 0 |a Belianska jaskyňa  |h grafika  |b Zrkadlové jazierko 
260 |a Bratislava  |b ČSTK-Pressfoto  |c 1977 
300 |a 1 pohľadnica  |b farebná  |c 11 x 15 cm 
520 8 |a Zobrazenie: Pohľad na krasovú výzdobu jaskyne a jazierko, v ktorom sú nahádzané mince. Vpravo dole, pred jazierkom je svietiaci reflektor. Pred jazierkom v strede je maly stalagmit, v jazierku vpravo je jeden stalgmit a za jazierkom sú tri. Vpravo od stalagmitov za jazierkom je ďalší svietiaci reflektor. V pozadí za stalagmitom stojí muž 
650 0 7 |a jaskyne  |2 SNKPH  |9 20772 
651 7 |a Belianska jaskyňa (Slovensko)  |2 SNKPHgeo  |9 14725 
651 7 |a Belianske Tatry (Slovensko : pohorie)  |2 SNKPHgeo  |9 177592 
651 7 |a Tatranský národný park (Slovensko)  |2 SNKPHgeo  |9 106968 
655 7 |a geografické pohľadnice  |2 SNKPH  |9 70522 
852 |a Slovenská národná knižnica 
954 |a pohľadnice pôvodné (slovenské)  |2 lita 
958 |a GBN 
958 |a GC 
958 |a OND 
958 |a EUIPO 
999 |c 607205  |d 609135 
952 |a SNK  |b SNK  |y PREZ  |7 0  |p 17A1381185  |o snkSP 104013  |0 0  |1 0  |4 0  |d 2020-03-26  |f 1  |l 0  |r 2026-02-23 16:12:43  |w 2026-02-23